Hábitat, economía y sociedad: introducción geográfica a la etnología
Uloženo v:
| Hlavní autor: | |
|---|---|
| Médium: | Kniha |
| Jazyk: | španělština |
| Vydáno: |
Barcelona
Oikos-tau
1966
|
| Témata: | |
| Tagy: |
Přidat tag
Žádné tagy, Buďte první, kdo vytvoří štítek k tomuto záznamu!
|
MARC
| LEADER | 00000nam a2200000 a 4500 | ||
|---|---|---|---|
| 001 | UCV9637 | ||
| 003 | CL-VaPUC | ||
| 008 | 921214e19660000SP |||||||||||||||||spa|d | ||
| 082 | 0 | 4 | |a 304.2 |b FOR |2 21 |
| 100 | 0 | |a Forde, Cyril Daryll |e author |9 303648 | |
| 245 | 1 | 0 | |a Hábitat, economía y sociedad: introducción geográfica a la etnología |
| 300 | |a 521 p | ||
| 942 | |c BK | ||
| 945 | |d 19921214 00:00:00 | ||
| 260 | |a Barcelona |b Oikos-tau |c 1966 | ||
| 650 | 0 | |a Geografía humana |9 267193 | |
| 650 | 0 | |a Etnología |9 258726 | |
| 583 | |a last modification |c 19921214 00:00:00 |k Rodrigo Vera | ||
| 999 | |c 214942 |d 214940 | ||
| 952 | |0 0 |1 0 |4 0 |6 304_200000000000000_FOR_1966 |7 0 |8 P |9 198792 |a BIBARQ |b BIBARQ |d 2019-11-14 |i 2661845 |o 304.2 FOR 1966 |p 2661845 |r 2025-01-20 |w 2019-11-14 |y BK |k ARQ | ||